| 000 | 00384nam a2200145Ia 4500 | ||
|---|---|---|---|
| 008 | 230917s9999||||xx |||||||||||||| ||und|| | ||
| 040 |
_e41601 _aMAIN |
||
| 041 | _aEnglish | ||
| 082 | _a809.89282 C436C | ||
| 100 | _aSewell, Anna | ||
| 245 | 0 | _aBlack beauty: the autobiography of a horse | |
| 260 |
_aNew York _bHolt, Rinehart & Winston _c1961 |
||
| 300 | _ax, 276 p. | ||
| 942 | _cBK | ||
| 999 |
_c227922 _d227922 |
||